[Event "Teplice City-ch"]
[Site "Teplice"]
[Date "2022.05.13"]
[Round "11"]
[White "Mascak, Milan"]
[Black "Charousek, Dan"]
[Result "0-1"]
[WhiteElo "1624"]
[BlackElo "1583"]
[PlyCount "33"]
[EventDate "2022.04.05"]
[EventType "tourn"]
[EventRounds "13"]
[EventCountry "CZE"]
[SourceTitle "EXT 2023"]
[Source "ChessBase"]
[SourceDate "2022.10.05"]
[SourceVersion "1"]
[SourceVersionDate "2022.10.05"]
[SourceQuality "1"]

1. e4 e6 2. d4 d5 3. e5 c5 4. c3 Nc6 5. Bb5 Qb6 6. Na3 cxd4 7. cxd4 Bb4+ 8. Bd2 Qxd4 9. Nf3 Qxb2 10. Bxc6+ bxc6 11. Nc2 Bxd2+ 12. Qxd2 Ba6 13. Rc1 Ne7 14. Nfd4 0-0 15. g4 c5 16. Nf3 Ng6 17. Qf4 0-1

[Event "Teplice City-ch"]
[Site "Teplice"]
[Date "2022.05.03"]
[Round "8"]
[White "Charousek, Dan"]
[Black "Kubik, Miroslav"]
[Result "1/2-1/2"]
[WhiteElo "1583"]
[BlackElo "1610"]
[PlyCount "67"]
[EventDate "2022.04.05"]
[EventType "tourn"]
[EventRounds "13"]
[EventCountry "CZE"]
[SourceTitle "EXT 2023"]
[Source "ChessBase"]
[SourceDate "2022.10.05"]
[SourceVersion "1"]
[SourceVersionDate "2022.10.05"]
[SourceQuality "1"]

1. e4 c5 2. c3 d5 3. e5 Nc6 4. Nf3 Bg4 5. Bb5 Qb6 6. Bxc6+ Qxc6 7. d4 e6 8. Nbd2 cxd4 9. cxd4 Bb4 10. 0-0 Ne7 11. Qb3 Ba5 12. Qa3 Bb6 13. b4 0-0 14. Bb2 Nf5 15. h3 Bxf3 16. Nxf3 Qd7 17. Qd3 f6 18. exf6 Rxf6 19. Rfe1 Raf8 20. Re2 g6 21. a4 Bc7 22. Ne5 Bxe5 23. dxe5 R6f7 24. b5 Rc8 25. Rc1 Rff8 26. Rec2 Ne7 27. Ba3 Rxc2 28. Rxc2 Rc8 29. Rxc8+ Nxc8 30. a5 Qc7 31. Qf3 Qf7 32. Qc3 Qd7 33. Qc5 Qd8 34. Kf1 1/2-1/2